000 00366nam a22001337a 4500
008 161121b xxu||||| |||| 00| 0 eng d
020 _a978-93-82669-44-9
082 _22013
_aDC 658.8
_bR88
245 _aRural marketing.
260 _aUAE:
_b3G Learning,
_cc2013.
300 _axii, 204 pages:
_billustrations;
_c28 cm.
650 0 _917718
_aMarketing.
942 _2ddc
_cDC
999 _c5823
_d5823